|
|
|
|
| LEADER |
00000nam0a2200000 4500 |
| 001 |
122440 |
| 005 |
20231031130009.0 |
| 035 |
|
|
|a (RuTPU)RU\TPU\book\132569
|
| 090 |
|
|
|a 122440
|
| 100 |
|
|
|a 20071004d1974 km y0rusy50 ca
|
| 101 |
0 |
|
|a rus
|
| 102 |
|
|
|a RU
|
| 105 |
|
|
|a ab z 001zy
|
| 200 |
1 |
|
|a Геохимия урана и тория в вулканическом процессе на примере Курило- камчатской зоны
|f Л. Л. Леонова, Нина Ивановна Удальцова
|g Академия наук СССР (АН СССР), Дальневосточный научный центр (ДНЦ), Институт вулканологии (ИВ) ; под ред. К. Н. Рудич
|
| 210 |
|
|
|a Новосибирск
|c Наука
|d 1974
|
| 215 |
|
|
|a 102 с.
|c ил.
|
| 320 |
|
|
|a Библиогр.: с. 94-103.
|
| 610 |
1 |
|
|a геология
|
| 610 |
1 |
|
|a геохимия
|
| 610 |
1 |
|
|a уран
|
| 610 |
1 |
|
|a торий
|
| 610 |
1 |
|
|a вулканические породы
|
| 610 |
1 |
|
|a Курило-Камчатская дуга
|
| 610 |
1 |
|
|a распределение
|
| 675 |
|
|
|a 550.4
|v 3
|
| 700 |
|
1 |
|a Леонова
|b Л. Л.
|g Лидия Лазаревна
|
| 701 |
|
1 |
|a Удальцова
|b Нина Ивановна
|g Н. И.
|
| 702 |
|
1 |
|a Рудич
|b К. Н.
|g Кирилл Никифорович
|4 340
|
| 712 |
0 |
2 |
|a Академия наук СССР (АН СССР)
|b Дальневосточный научный центр (ДНЦ)
|b Институт вулканологии (ИВ)
|c (Петропавловск-Камчатский)
|2 stltpush
|3 (RuTPU)RU\TPU\col\11524
|
| 801 |
|
1 |
|a RU
|b 63413507
|c 20071004
|g PSBO
|
| 801 |
|
2 |
|a RU
|b 63413507
|c 20080924
|g PSBO
|
| 942 |
|
|
|c BK
|